MDQL
is popping MORE tags! Check the
thread
!
Quizzes
Events
Quiz Creation
Community
Videos
Private Events
Remove Ads
Sign In
Join for FREE
Feedback
Dark Mode
Quiz Categories
Sports
Geography
Music
Movies
Television
Just For Fun
Miscellaneous
History
Literature
Language
Science
Gaming
Entertainment
Religion
Holiday
For Kids
Quiz Lab
Recent
Popular Today
Quiz Kudos Today
Editor Picks
Curator Picks
Quizzes by...
Day
Popularity
Type
Ratings
Length
Year
Community
Subscriptions
Recent Discussions
Orange Saloon
Badges
Playlists
Quests
Create
Leaderboards
Showdown
Live 5
Trivia Bingo
Activity
Puzzle Library
Sporcle Events
Private Events
Virtual Trivia
Globe League
Become a Host
Pub Owners
SporcleCon
Opinionation
Our Games
Videos
Blog
Mobile Apps
Partnerships
Remove Ads and Go Orange
Feedback
Sports
Athletes
MLB
NBA
NHL
NFL
Soccer
Sports Teams
WWE
NCAA
Football
Premier League
Basketball
Baseball
Hockey
Golf
Tennis
Cricket
Rugby
Auto Racing
Olympics
World Cup
Sports
Athletes
MLB
NBA
NHL
NFL
Soccer
Sports Teams
WWE
NCAA
Football
Premier League
Basketball
Baseball
Hockey
Golf
Tennis
Cricket
Rugby
Auto Racing
Olympics
World Cup
Random Quiz
Search Sporcle
×
Quiz Lab
Quiz Lab
Sports
NCAA
Type in answers that appear in a list
Type in answers that appear in a list
Classic
Best Score? Go Orange.
NCAA Tournament teams 2006-2015 Stats
Can you name the NCAA Tournament teams 2006-2015?
By
Jizza34
15m
210 Questions
409 Plays
409 Plays
409 Plays
Comments
Comments
Give Quiz Kudos
Give Quiz Kudos
-
- Ratings
hide this ad
More Info
Replay
Link that replays current quiz
Next Quiz
Link to next quiz in quiz playlist
You Got
0%
They Got
Avg Score
72%
Avg Friend Score
Upgrade to see
Score Distribution
Jump to the score distribution portion of the page
Score
0/210
Timer
15:00
0
Plays Today
Appearances
School
% Correct
9 Appearances
North Carolina
98.8%
10 Appearances
Duke
98.5%
7 Appearances
Florida
98.5%
10 Appearances
Kansas
98%
9 Appearances
Texas
97.6%
8 Appearances
Kentucky
97.6%
5 Appearances
Michigan
97.3%
10 Appearances
Michigan State
97.1%
8 Appearances
UCLA
97.1%
3 Appearances
Iowa
96.3%
6 Appearances
Indiana
95.4%
6 Appearances
Kansas State
95.1%
4 Appearances
Washington
95.1%
3 Appearances
Georgia
95.1%
10 Appearances
Wisconsin
94.9%
4 Appearances
Iowa State
94.9%
2 Appearances
Alabama
94.9%
10 Appearances
Gonzaga
94.6%
4 Appearances
Florida State
94.6%
3 Appearances
LSU
94.6%
9 Appearances
Louisville
94.4%
5 Appearances
Illinois
94.4%
2 Appearances
Ohio
94.4%
7 Appearances
Tennessee
94.1%
5 Appearances
Oregon
94.1%
9 Appearances
Ohio State
93.9%
4 Appearances
Virginia
93.9%
8 Appearances
Arizona
93.6%
6 Appearances
Texas A&M
93.6%
7 Appearances
Syracuse
93.2%
6 Appearances
Connecticut
93.2%
6 Appearances
Oklahoma
93.2%
5 Appearances
North Carolina State
93.2%
2 Appearances
Miami (FL)
93.2%
1 Appearance
Miami (OH)
93.2%
5 Appearances
California
92.9%
2 Appearances
Washington State
92.9%
4 Appearances
Maryland
92.2%
2 Appearances
Utah
92.2%
4 Appearances
USC
91.9%
2 Appearances
Arizona State
91.9%
5 Appearances
Oklahoma State
91.7%
7 Appearances
West Virginia
91.2%
4 Appearances
Arkansas
91.2%
4 Appearances
Harvard
91.2%
2 Appearances
Mississippi
91.2%
3 Appearances
Minnesota
91%
8 Appearances
Pittsburgh
90.7%
2 Appearances
Pennsylvania
90.7%
8 Appearances
Georgetown
90.5%
3 Appearances
Colorado
90.5%
2 Appearances
Georgia Tech
90.2%
1 Appearance
Texas Tech
90.2%
1 Appearance
Virginia Tech
89.5%
4 Appearances
New Mexico
89.2%
9 Appearances
Villanova
89%
7 Appearances
Purdue
88.3%
5 Appearances
Baylor
88.3%
8 Appearances
Memphis
88%
7 Appearances
Notre Dame
87.8%
6 Appearances
New Mexico State
87.8%
5 Appearances
Cincinnati
87.8%
2 Appearances
Mississippi State
87.3%
5 Appearances
Wichita State
86.8%
2 Appearances
Colorado State
86.8%
9 Appearances
Xavier
86.6%
1 Appearance
Penn State
86.3%
3 Appearances
Stanford
86.1%
1 Appearance
San Diego
86.1%
6 Appearances
UNLV
85.8%
Appearances
School
% Correct
5 Appearances
Missouri
85.8%
4 Appearances
Clemson
85.8%
7 Appearances
Butler
85.6%
8 Appearances
BYU
85.3%
7 Appearances
Virginia Commonwealth
85.3%
3 Appearances
Boston College
85.1%
4 Appearances
Utah State
84.4%
1 Appearance
Princeton
83.6%
1 Appearance
Texas Arlington
83.6%
5 Appearances
Vanderbilt
83.4%
2 Appearances
Saint John's
83.4%
2 Appearances
Wake Forest
83.4%
8 Appearances
Marquette
82.9%
1 Appearance
Nebraska
82.9%
6 Appearances
Temple
82.6%
2 Appearances
Southern
82.2%
4 Appearances
Montana
81.7%
4 Appearances
Creighton
81.4%
1 Appearance
Houston
81.2%
7 Appearances
San Diego State
80.9%
2 Appearances
Nevada
80.4%
2 Appearances
Saint Joseph's
80.4%
4 Appearances
Western Kentucky
80.2%
1 Appearance
Wyoming
80.2%
3 Appearances
North Dakota State
79.7%
2 Appearances
Providence
79.5%
3 Appearances
Boise State
78.7%
3 Appearances
Dayton
78%
3 Appearances
George Mason
78%
2 Appearances
South Dakota State
78%
4 Appearances
Northern Iowa
77.8%
1 Appearance
Indiana State
77.8%
1 Appearance
Tulsa
77.3%
3 Appearances
Cornell
76.5%
6 Appearances
Davidson
75.8%
3 Appearances
Akron
75.3%
2 Appearances
Vermont
75.3%
1 Appearance
UTEP
75.3%
1 Appearance
Georgia State
74.8%
1 Appearance
Florida Gulf Coast
74.3%
4 Appearances
Saint Mary's
74.1%
1 Appearance
Seton Hall
73.3%
1 Appearance
Louisiana Lafayette
73.1%
3 Appearances
UAB
72.9%
1 Appearance
Western Michigan
71.9%
1 Appearance
Buffalo
71.6%
3 Appearances
George Washington
71.1%
1 Appearance
SMU
70.9%
2 Appearances
Southern Illinois
70.2%
5 Appearances
Albany
69.9%
1 Appearance
Air Force
69.9%
2 Appearances
Kent State
68.7%
1 Appearance
South Florida
68.5%
1 Appearance
Massachusetts
68.2%
3 Appearances
Murray State
67%
7 Appearances
Belmont
66.7%
2 Appearances
Richmond
66.5%
2 Appearances
Lehigh
65.5%
2 Appearances
Wisconsin Milwaukee
65.5%
3 Appearances
Saint Louis
64.8%
1 Appearance
Delaware
63.8%
3 Appearances
Iona
63.3%
1 Appearance
Drake
62.6%
3 Appearances
Hampton
62.3%
1 Appearance
La Salle
62.1%
2 Appearances
Weber State
61.9%
1 Appearance
Bradley
61.9%
3 Appearances
Bucknell
61.4%
2 Appearances
North Texas
60.4%
1 Appearance
Middle Tennesse
60.4%
Appearances
School
% Correct
1 Appearance
Boston University
60.4%
3 Appearances
Stephen F Austin
60.1%
2 Appearances
Eastern Kentucky
60.1%
2 Appearances
Oakland
59.9%
3 Appearances
American
59.7%
1 Appearance
Detroit
59.7%
3 Appearances
Siena
58.9%
1 Appearance
Eastern Washington
58.9%
3 Appearances
Robert Morris
58.7%
2 Appearances
Valparaiso
58.2%
2 Appearances
Coastal Carolina
57.7%
1 Appearance
Texas San Antonio
57.7%
2 Appearances
Alabama State
57.5%
2 Appearances
Manhattan
57.5%
1 Appearance
Cleveland State
56.7%
4 Appearances
Wofford
56%
2 Appearances
UNC - Asheville
56%
1 Appearance
Lafayette
55%
4 Appearances
Winthrop
54.5%
1 Appearance
Arkansas Little Rock
54.3%
2 Appearances
Morehead State
53.8%
2 Appearances
Texas Southern
53.5%
1 Appearance
Mercer
53.1%
1 Appearance
Northeastern
53.1%
1 Appearance
UNC - Wilmington
53.1%
3 Appearances
Old Dominion
52.8%
3 Appearances
Long Island
52.6%
3 Appearances
Oral Roberts
52.6%
2 Appearances
Long Beach State
52.6%
1 Appearance
Southern Mississippi
52.6%
1 Appearance
Saint Bonaventure
52.6%
1 Appearance
Norfolk State
52.3%
1 Appearance
UC Irvine
52.1%
2 Appearances
South Alabama
51.6%
2 Appearances
Portland State
50.9%
1 Appearance
UMBC
50.9%
1 Appearance
Arkansas Pine Bluff
50.1%
1 Appearance
Jackson State
50.1%
2 Appearances
Pacific
49.6%
2 Appearances
UC Santa Barbara
49.1%
1 Appearance
Loyola Maryland
49.1%
2 Appearances
East Tennessee State
47.9%
1 Appearance
Cal State Fullerton
47.9%
1 Appearance
North Florida
47.4%
1 Appearance
Florida A&M
46.7%
1 Appearance
Wright State
46.2%
1 Appearance
Chattanooga
44.3%
1 Appearance
Austin Peay
43.8%
1 Appearance
Binghamton
43.5%
1 Appearance
Coppin State
43%
1 Appearance
Monmouth
43%
1 Appearance
Northern Colorado
42.8%
2 Appearances
Mississippi Valley State
42.5%
2 Appearances
Northwestern State
42.5%
1 Appearance
North Carolina A&T
42.5%
1 Appearance
Radford
42.3%
1 Appearance
Central Connecticut State
41.6%
1 Appearance
Holy Cross
40.6%
1 Appearance
Saint Peter's
40.3%
1 Appearance
James Madison
40.1%
2 Appearances
Morgan State
39.4%
2 Appearances
Mount St Mary's
39.4%
1 Appearance
Cal State Northridge
39.4%
1 Appearance
Sam Houston State
37.4%
1 Appearance
Cal Poly
36.4%
1 Appearance
Liberty
36.4%
1 Appearance
North Carolina Central
36.4%
1 Appearance
Lamar
35.5%
1 Appearance
Texas A&M Corpus Christi
32.5%
1 Appearance
Niagara
27.6%
Quiz Playlist
Details
Report
Send in Message
Add To Playlist
More Info:
Can you name the NCAA tournament teams from 2006-2015?
Classic:
Type in answers that appear in a list
Quiz Source
Last Updated: Feb 16, 2017
Quiz Scoreboard
CHALLENGE
Sign Up to Join the Scoreboard
Show All
Scores
Hide
Comments
May contain spoilers
Recently Published
Image Sorting: Flags VI
by Barbecue
Geography
2m
Find the 'City' Movie
by crazypaving
Movies
60s
Colored Red Africa Blitz
by spor1
Geography
45s
More to Explore
Quiz From the Vault
Featured Blog Post
14 Easter Pick-up Lines to Find Eggs With
hide this ad
You Might Also Like...
Tags
Basketball Quiz
NCAA Quiz
March Madness
NCAA Tournament
Tournament
Tournament Bids
Today's Top Quizzes in Sports
Browse Sports
hide this ad
Today's Top Quizzes in NCAA
Browse NCAA
Top Contributed Quizzes in Sports
1
Les meilleurs buteurs des matchs entre le PSG et l’OM
2
Les entraîneurs de l'OM et du PSG au 21e siècle
3
Les joueurs passés par le PSG et l'OM
4
2022 World Cup Stars
5
Players with Multiple 50 Home Run Seasons
6
Criteria MLB: Left Handed Sluggers
7
Les joueurs passés par le LOSC et le RC Lens
8
NBA Logic Puzzle 2.0
9
MLB Players with Two .350 Batting Average Seasons
10
FIFA Club World Cup Champions
Explore More
Trending Topics
NBA
Harry Potter
Disney
Kpop
Marvel
Crossword
Anime
Pokémon
Country
Song
The Office
Puzzle
Soccer
WWE
NFL
hide this ad
More By:
Jizza34
Quiz
Plays
Rating
Category
Featured
Created
NCAA Tournament teams 2004-2013
8,943
4.69
Sports
Mar 18, 2013
All NCAA Division I BB Nicknames
1,893
4.00
Sports
Jan 8, 2015
Ryder Cup Participants since 1991
762
5.00
Sports
Sep 26, 2012
NCAA Tournament teams 2006-2015
409
5.00
Sports
Apr 6, 2015
NO National Parks
94
5.00
Geography
Dec 10, 2013
Go to Creator's Profile
Score Distribution
Quiz Creator Spotlight
Jizza34
Follow
Send a Message
Quizzes Created
-
Created Quiz Play Count
-
More By This Creator
Popular Quizzes Today
1
Colored Red Africa Blitz
2
Find the US States - No Outlines Minefield
3
Find the 'City' Movie
4
5x2 Blitz: Bands
5
The Countries of the World
6
Find the US States
7
Find the Countries of Europe - No Outlines Minefield
8
US States
More Sports Quizzes
First XI: Domenech - France
Quiz Lab
Trending Quizzes
Colored Red Europe Blitz I
Colored Red Europe Blitz II
Colored Red Africa Blitz II
Colored Red Europe Blitz III
Colored Red Africa Blitz III
Recently Updated
How Do You Spell That?
pecheneg
Godzilla Movies
pecheneg
Grab Bag: 4-10 Letters
pecheneg
2024 March Madness Bracket
pecheneg
Famous TV Couples
Peacemaker
Champions League XIs: Real Madrid
pecheneg
Largest US Cities 1790-2010
pecheneg
Rides in Walt Disney World
pecheneg
Most Oscar Losses (Acting)
pecheneg
Beyoncé Albums
pecheneg
Trending Topics
Crossword
Marvel
Harry Potter
Disney
NBA
Kpop
Anime
Puzzle
Country
Soccer
Pokémon
NFL
WWE
The Office
Song
Your Account Isn't Verified!
In order to create a playlist on Sporcle, you need to verify the email address you used during registration. Go to your
Sporcle Settings
to finish the process.
Report this User
Report this user for behavior that violates our
Community Guidelines
.
Details:
Send Report
Go to the Sporcle.com Mobile Site →
Comments